Culture Générale - Série 2562 - Statistiques

Statistiques générales
  • Ce quiz a été pris 165 fois
  • Le résultat moyen est 5 sur 10
Statistiques - réponses
Question Réponse % Correct
Quel pays a gagné la coupe du monde de football en 2002 ? Brésil
89%
De quelle ville le groupe mythique The Beatles est-il originaire ? voir photo Liverpool
84%
En quelle année le mandat présidentiel a-t-il été ramené de 7 à 5 ans ? 2002
81%
A quel pays appartient l'île d'Eubée ? Grèce
69%
Quel est le plus grand État des Etats Unis (superficie) ? Alaska
66%
Quel pays autre que la Roumanie a adhéré à l'Union Européenne en 2007 ? Bulgarie
49%
Dans quel art peut-on utiliser un cistre ? musique
40%
Quelle rivière traverse Epinal (88) ? Moselle
28%
Quel instrument antique était appelé clepsydre ? horloge
21%
Sous quel nom connait-on mieux l'acarien ixode appelé aussi pou de bois ? tique
17%
Aucun quiz correspondant
Distribution des résultats
% des personnes avec chaque résultat
Percentile par nombre de réponses
Votre historique - résultats
Vous n’avez pas pris ce quiz